| 000 | 00733nam a2200253Ia 4500 | ||
|---|---|---|---|
| 001 | 843 | ||
| 003 | GE_BSU | ||
| 008 | 181216s||||||||xx |||||||||||||| ||und|| | ||
| 020 | _a9785970416839 | ||
| 040 | _cGE_BSU | ||
| 080 | _a616(075.8)+575(075.8) | ||
| 100 | _aБочков,Н.П; Пузырев,В.П; Смирнихина,С.А; | ||
| 245 | _aКлиническая генетика. | ||
| 245 | _bУчебник для студен. | ||
| 245 | _cПод.ред.Н.П.Бочкова | ||
| 250 | _a4-ое изд. доп. | ||
| 260 | _aМосква | ||
| 260 | _bГtотар-Медиа. | ||
| 260 | _c2011 | ||
| 300 | _a592 с. | ||
| 541 | _h150л. | ||
| 653 | _aКлиническая Генетика | ||
| 942 | _cBK | ||
| 999 |
_c35005 _d35005 |
||